| 000 | 01161cam a2200325 a 4500 | ||
|---|---|---|---|
| 003 | CHAP | ||
| 005 | 20220817043802.0 | ||
| 008 | 010730d2001 mx 00 spa d | ||
| 010 | _a84376 | ||
| 011 | _a85348 | ||
| 035 | _a95881 | ||
| 040 | _cCHAP | ||
| 100 | 0 | 0 |
_aNolasco Linares, Sergio. _981611 |
| 245 | 0 | 0 |
_aEvaluación del impacto del programa fomento lechero, en el estado de Hidalgo, en el ejercicio de 1999 _c/por Sergio Nolasco Linares |
| 260 |
_aChapingo, Méx. : _bEl autor, _c2001. |
||
| 300 | _a121 h. | ||
| 500 | _aTesis (Ing. Agr. Esp. en Zootecnia) -- UACH. Departamento de Zootecnia | ||
| 590 |
_aBATCH-UPD _b10 _c20130110 _lUCH01 _h0637 |
||
| 590 |
_aBATCH-UPD _b10 _c20130410 _lUCH01 _h0321 |
||
| 590 |
_aBATCH-UPD _b10 _c20130914 _lUCH01 _h1635 |
||
| 590 |
_aCONVERSION _b10 _c20130109 _lUCH01 _h1347 |
||
| 650 | 1 | 4 |
_aIndustria lechera _xHidalgo. _957840 |
| 650 | 1 | 4 |
_aLeche _xProducción. _965400 |
| 650 | 1 | 4 |
_aPolítica agrícola _zMéxico. |
| 901 | _aBK | ||
| 905 | _aLilia Sánchez G. | ||
| 942 | _cFOLL | ||
| 949 |
_aTesis _bBC _cTES _d33724000839262 _eTS2 _fc.2 _h38309 _i95881 _sb |
||
| 949 |
_aTesis _bBC _cTES _d958811 _eTS1 _h38308 _i95881 _sb |
||
| 999 |
_c84376 _d84376 |
||